| 000 | 00589nam a2200229Ia 4500 | ||
|---|---|---|---|
| 005 | 20260429111910.0 | ||
| 008 | 260429s9999||||xx |||||||||||||| ||und|| | ||
| 020 | _a9789349036567 | ||
| 041 | _aEnglish | ||
| 082 |
_a181.45 _bVIV |
||
| 100 | _aVivekananda, Swami | ||
| 245 | 0 |
_aComplete book of yoga / _cSwami Vivekananda |
|
| 260 |
_aChennai : _bNational Academic Press, _c2025. |
||
| 300 | _a416 p.; pbk | ||
| 650 | _a Bhakti yoga | ||
| 650 | _a Jnana yoga | ||
| 650 | _a Karma yoga | ||
| 650 | _a Raja yoga | ||
| 650 | _a Yoga | ||
| 650 | _aIndian philosophy | ||
| 942 | _cTB | ||
| 999 |
_c51332 _d51332 |
||